000 00652nja a2200205 a 4500
003 BLK
005 20230801005233.0
008 180414c bul|r|ner|||| 00| c0bul d
010 _aNOT00003263002
040 _aBLK
100 _aСагаев, Димитър Константинов
_d1915-2003
_9261733
245 1 0 _aКонцертно анданте
_cДимитър Сагаев.
257 _aBGR
380 _a7
773 _0317110
_9670025
_aСагаев, Димитър
_tПиеси за флейта и пиано
852 _aЦб М ІІ 7468
942 _cNOT
_n0
944 _aCR
_c01.10.2010
_k
_lCRON CRON
944 _aED
_c02.10.2010
_k
999 _c317112
_d317112